000 00846nam a2200217Ia 4500
999 _c36729
_d36729
001 2663
003 GE_BSU
005 20190603182213.0
008 181216s2012||||ge |||||||||||||| ||geo||
040 _cGE_BSU
041 _ageo
080 _a338.48(075.8) ქ–16
100 _aქათამაძე, დავით
_92027
245 _aსაერთაშორისო ტურიზმი /
_cდავით ქათამაძე, გულიკო ქათამაძე; რედ. როსტომ ბერიძე
264 _aთბილისი,
_c2012
300 _a790 გვ.
653 _aტურიზმი
700 _aქათამაძე, გულიკო
_eავტორი
_92028
700 _aბერიძე, როსტომ
_eრედაქტორი
_91686
942 _cBK
_2udc